| 000 | 00362nam a2200133Ia 4500 | ||
|---|---|---|---|
| 008 | 240624s9999 xx 000 0 und d | ||
| 041 | _aeng | ||
| 082 | _a658.4 SUG | ||
| 100 | _aSUGARS BRADLEY J | ||
| 245 | _aBUSINESS COACH A PARABLE OF SMALL BUSINE | ||
| 260 |
_c2007 _aNew Delhi _bTata McGraw- Hill |
||
| 300 | _axvii, : 225 : p. : cm. ; 22 | ||
| 365 |
_cRS _b20 |
||
| 999 |
_c16033 _d16033 |
||